000 00322pab a2200121 454500
008 180718b xxu||||| |||| 00| 0 eng d
100 _aKolay M.K.
245 _aOrganisational productivity: how to account for?
362 _a34(4), Jan-Mar 1994, p.646-52
650 _aOrganisations
773 _aProductivity
909 _a26922
999 _c26922
_d26922